Normal view
MARC view
- Inscriptions, Arabic
Entry Topical Term
001 - CONTROL NUMBER
- control field: 90391
003 - CONTROL NUMBER IDENTIFIER
- control field: NUST
005 - DATE AND TIME OF LATEST TRANSACTION
- control field: 20220307150055.0
008 - FIXED-LENGTH DATA ELEMENTS
- fixed length control field: 220307|| aca||aabn | a|a d
040 ## - CATALOGING SOURCE
- Original cataloging agency: NUST
- Transcribing agency: NUST
150 ## - HEADING--TOPICAL TERM
- Topical term or geographic name entry element: Inscriptions, Arabic
- Geographic subdivision: India
- Geographic subdivision: Bengal
670 ## - SOURCE DATA FOUND
- Source citation: Work cat.: (NUST)0: Siddiq, Mohammad Yusuf. 90388, Historical and cultural aspects of the Islamic inscriptions of Bengal :, 2009.
